Представление документа в формате RUSMARC

ПолеНазваниеЗначение
  Тип записи a
  Библиографический уровень m
001 Контрольный номер RU/SLIB/B/208728575
005 Дата корректировки 20201206204017.3
010 Индекс ISBN __
d Цена 2-00
101 Язык документа __
a Язык текста rus
c Язык оригинала rus
200 Заглавие и сведения об ответственности 1_
a Заглавие Палеолитические памятники Западно-Сибирской равнины
f Первые сведения об ответственности Петрин В. Т. ; отв. ред. Ю. П. Холюшкин ; АН СССР, Ин-т истории, филологии и философии
b Общее обозначение материала Текст
210 Выходные данные __
a Место издания Новосибирск
c Издательство Наука
d Дата издания 1986
215 Физическое описание __
a Объем 142 с.
606 Тематические рубрики __
a Основная рубрика История
y Географическая подрубрика Западная Сибирь; Россия; Западно-Сибирская равнина
606 Тематические рубрики __
a Основная рубрика История России в целом
610 Ключевые слова __
a Ключевые слова палеология; исторические исследования; историческая литература; памятники истории
686 Индексы других классификаций __
a Классификационный индекс 63.3(2)л6
700 Автор __
a Фамилия Петрин
b Имя В. Т.
4 Код отношения 070
702 Вторичная интеллектуальная ответственность __
a Фамилия Холюшкин
b Имя Ю. П.
4 Код отношения Ответственный редактор
801 Источник записи _0
a Страна RU
b Организация Муниципальное бюджетное учреждение культуры "Централизованная библиотечная система" г. Сургут (Центральная городская библиотека им. А. С. Пушкина)
g Правила каталогизации КиК/Елгина
801 Источник записи _1
a Страна RU
b Организация Муниципальное бюджетное учреждение культуры "Централизованная библиотечная система" г. Сургут (Центральная городская библиотека им. А. С. Пушкина)
g Правила каталогизации КиК/Елгина
852 Данные о местонахождении __
j Шифр хранения 63.3(2)л6
c Каталожный индекс 63.3(2)л6
i Авторский знак П 29
p Инвентарный номер 31765
901 Тип документа __
t Тип документа m
990 Данные о заказе (DOS) __
j Количество экземпляров (DOS) 1